000 00943nas a2200313 4500
001 BR0400256
003 BR-BrBNA
005 20231205104348.0
007 ta
008 230509b bl.|||p| |||| 00| 00por d
040 _aBR-BrBNA
_bpor
_cBiblioteca Nacional de Agricultura
041 _a(Pt)
072 _aL73; L40
100 1 _aTortelly Neto, R.
100 1 _aDemarque, K.C.
100 1 _aPinho, T.G.
100 1 _aNogueira, L.A.G.
100 1 _aTortelly, R.
245 1 _aAspectos histológicos comparativos de degeneração testicular em animais domésticos
650 _aANIMAL DOMÉSTICO
650 _aTESTÍCULO
650 _aHISTOLOGIA ANIMAL
650 _aDOENÇA ANIMAL
650 _aORQUITE
650 _aTUMOR
773 0 _tRevista Brasileira de Reprodução Animal (Brazil)
_xISSN 0102-0803
_g(Jul-Sep 2003), v. 27(3) p. 587-588
_wBR0400256
909 _a202311
_bLúcia
_c55
_dLúcia Elande
942 _2AGRIS
_n0
_cANA
999 _c177760
_d177760